Geology and mineral resources of the Middletown quadrangle, Pennsylvania, (Record no. 27006)

MARC details
000 -LEADER
fixed length control field 01261cam a22003011 4500
001 - CONTROL NUMBER
control field gs 33000067
003 - CONTROL NUMBER IDENTIFIER
control field DLC
005 - DATE AND TIME OF LATEST TRANSACTION
control field 20260227111337.0
008 - FIXED-LENGTH DATA ELEMENTS--GENERAL INFORMATION
fixed length control field 800613s1933 dcuabf b f001 0 eng
010 ## - LIBRARY OF CONGRESS CONTROL NUMBER
LC control number gs 33000067
035 ## - SYSTEM CONTROL NUMBER
System control number (OCoLC)6418881
040 ## - CATALOGING SOURCE
Original cataloging agency DLC
Transcribing agency ICharE
Modifying agency OCoLC
-- DLC
042 ## - AUTHENTICATION CODE
Authentication code premarc
043 ## - GEOGRAPHIC AREA CODE
Geographic area code n-us-pa
050 00 - LIBRARY OF CONGRESS CALL NUMBER
Classification number QE75
Item number .B9 no. 840
100 1# - MAIN ENTRY--PERSONAL NAME
Personal name Stose, George Willis,
Dates associated with a name 1869-1960.
245 10 - TITLE STATEMENT
Title Geology and mineral resources of the Middletown quadrangle, Pennsylvania,
Statement of responsibility, etc. by George W. Stose and Anna I. Jonas. Prepared in cooperation with the Pennsylvania topographic and geologic survey.
260 ## - PUBLICATION, DISTRIBUTION, ETC.
Place of publication, distribution, etc. Washington,
Name of publisher, distributor, etc. U.S. Govt. Print Off.,
Date of publication, distribution, etc. 1933.
300 ## - PHYSICAL DESCRIPTION
Extent v, 86 p.
Other physical details incl. map, plan, tables, diagrs., 15 pl. (incl. 2 fold. maps, fold. tab.)
Dimensions 23 cm.
490 0# - SERIES STATEMENT
Series statement U.S. Geological survey. Bulletin 840
500 ## - GENERAL NOTE
General note At head of title: United States Department of the Interior.
500 ## - GENERAL NOTE
General note One folded map in pocket.
504 ## - BIBLIOGRAPHY, ETC. NOTE
Bibliography, etc. note Bibliographical foot-notes.
650 #0 - SUBJECT ADDED ENTRY--TOPICAL TERM
Topical term or geographic name entry element Geology
Geographic subdivision Pennsylvania.
650 #0 - SUBJECT ADDED ENTRY--TOPICAL TERM
Topical term or geographic name entry element Mines and mineral resources
Geographic subdivision Pennsylvania.
710 1# - ADDED ENTRY--CORPORATE NAME
Corporate name or jurisdiction name as entry element Pennsylvania.
Subordinate unit Bureau of Topographic and Geologic Survey
740 0# - ADDED ENTRY--UNCONTROLLED RELATED/ANALYTICAL TITLE
Uncontrolled related/analytical title Middletown quadrangle, Pennsylvania, Geology and mineral resources of the

No items available.

Powered by Koha